000 00312nam a22001337a 4500
008 170310b xxu||||| |||| 00| 0 eng d
020 _a9781416052074
041 _aeng
080 _a611
100 _a7
101 _aSHM
245 _aRHEMUMATIC DISEASE CLINICS OF NORTH AMERICA
_cKAVANAUGH.A
942 _2udc
_cBK
999 _c7419
_d7419